Districts of Penang, Malaysia - Statistics

General Stats
  • This quiz has been taken 21 times
  • The average score is 4 of 5
Answer Stats
Districts % Correct
Central Seberang Perai
100%
North Seberang Perai
100%
South Seberang Perai
94%
Northeast Penang Island
63%
Southwest Penang Island
63%
No matching quizzes found
Score Distribution
Percent of People with Each Score
Percentile by Number Answered
Your Score History
You have not taken this quiz